[Event "Quebec op"]
[Site "Montreal CAN"]
[Date "1994.07.23"]
[Round "1"]
[White "Schleifer, Michael"]
[Black "Soudre, Nicolas"]
[Result "1-0"]
[WhiteElo "2291"]
[BlackElo "1907"]
[PlyCount "59"]
[EventDate "1994.07.23"]
[EventType "swiss"]
[EventRounds "8"]
[EventCountry "CAN"]

1. d4 d5 2. c4 e6 3. Nc3 Nf6 4. Nf3 c6 5. e3 Nbd7 6. Bd3 Bd6 7. O-O Qc7 8. e4
dxe4 9. Nxe4 Nxe4 10. Bxe4 Nf6 11. Bc2 b6 12. Bg5 Ng4 13. h3 h6 14. Be3 Nh2 15.
Nxh2 Bxh2+ 16. Kh1 Bd6 17. f4 Bb7 18. c5 Be7 19. f5 O-O-O 20. fxe6 fxe6 21. Qg4
bxc5 22. dxc5 Qe5 23. Bf4 h5 24. Qg3 Qxc5 25. Bb3 Bd6 26. Bxe6+ Kb8 27. Qxg7
Bxf4 28. Rxf4 Qc2 29. Rb4 Rd1+ 30. Kh2 1-0

[Event "Quebec op"]
[Site "Montreal CAN"]
[Date "1994.07.24"]
[Round "2"]
[White "Courval, Francois"]
[Black "Schleifer, Michael"]
[Result "0-1"]
[WhiteElo "1901"]
[BlackElo "2291"]
[PlyCount "88"]
[EventDate "1994.07.23"]
[EventType "swiss"]
[EventRounds "8"]
[EventCountry "CAN"]

1. e4 c5 2. Nf3 Nc6 3. d4 cxd4 4. Nxd4 Nf6 5. Nc3 Qb6 6. Nb3 e6 7. Be3 Qc7 8.
a3 a6 9. g3 Be7 10. Bg2 O-O 11. Qe2 d6 12. Rd1 b5 13. O-O Rb8 14. Nd4 Na5 15.
Rd3 Nc4 16. Bc1 Bd7 17. f4 a5 18. b3 Nxa3 19. Bxa3 b4 20. e5 Ne8 21. Bb2 bxc3
22. Rxc3 Qa7 23. Qe3 dxe5 24. fxe5 Bc5 25. Rd1 Nc7 26. Kh1 Nd5 27. Bxd5 exd5
28. Qf4 Bxd4 29. Qxd4 Qxd4 30. Rxd4 Rfc8 31. Kg1 Be6 32. Ra4 h6 33. Rxa5 Rxc3
34. Bxc3 Rc8 35. b4 Rxc3 36. Rc5 Rxc5 37. bxc5 Kf8 38. Kf2 d4 39. Ke2 Bf5 40.
c6 Ke7 41. Kd2 Kd8 42. g4 Be4 43. h4 Kc7 44. g5 hxg5 0-1

[Event "Quebec op"]
[Site "Montreal CAN"]
[Date "1994.07.26"]
[Round "4"]
[White "Abreu Cordero, Jose"]
[Black "Schleifer, Michael"]
[Result "0-1"]
[WhiteElo "1960"]
[BlackElo "2291"]
[PlyCount "119"]
[EventDate "1994.07.23"]
[EventType "swiss"]
[EventRounds "8"]
[EventCountry "CAN"]

1. e4 c5 2. Nf3 Nc6 3. d4 cxd4 4. Nxd4 Nf6 5. Nc3 Qb6 6. Nb3 e6 7. Be3 Qc7 8.
a3 a6 9. f4 d6 10. Be2 Be7 11. O-O O-O 12. Bf3 Rb8 13. Qd2 b5 14. g4 Nd7 15. g5
Nb6 16. Qe2 Nc4 17. Bc1 Re8 18. Kh1 Qb6 19. Rd1 Bf8 20. h4 Bb7 21. Qg2 Ba8 22.
Re1 Ne7 23. Kh2 a5 24. a4 b4 25. Nb5 d5 26. N3d4 e5 27. fxe5 Nxe5 28. Bf4 Nxf3+
29. Qxf3 dxe4 30. Qg3 Rbc8 31. Rad1 Nd5 32. Bd6 e3 33. Bxf8 Rxf8 34. Nd6 Rcd8
35. N4f5 Qc7 36. Re2 Ne7 37. Nxe7+ Qxe7 38. Rxe3 Qc7 39. Rd2 Qc6 40. Re1 Rfe8
41. Rxe8+ Rxe8 42. Qf2 Rf8 43. Nf5 Qe4 44. Re2 Qg4 45. Rd2 Be4 46. Nd6 Bg6 47.
b3 f6 48. Qg3 Qe6 49. Nc4 fxg5 50. Qxg5 Qe1 51. Qg3 Qa1 52. Rf2 Re8 53. Qf3 Qd4
54. Qg3 Re4 55. Kh3 Be8 56. Rd2 Qf6 57. Rf2 Qe6+ 58. Kh2 Rg4 59. Qh3 Bc6 60.
Ne3 0-1

[Event "Quebec op"]
[Site "Montreal CAN"]
[Date "1994.07.27"]
[Round "5"]
[White "Schleifer, Michael"]
[Black "Moussa, Alaa Eddine"]
[Result "1-0"]
[WhiteElo "2291"]
[BlackElo "2120"]
[PlyCount "59"]
[EventDate "1994.07.23"]
[EventType "swiss"]
[EventRounds "8"]
[EventCountry "CAN"]

1. d4 Nf6 2. c4 e6 3. Nf3 b6 4. g3 Ba6 5. Nbd2 Bb7 6. Bg2 c5 7. Nb3 cxd4 8.
Nbxd4 Bb4+ 9. Bd2 Be7 10. O-O O-O 11. Bf4 Nc6 12. Nxc6 Bxc6 13. Bd6 Rc8 14. Rc1
Bxd6 15. Qxd6 Ne4 16. Qd4 d6 17. Rfd1 Qf6 18. Qxf6 gxf6 19. Nd4 f5 20. g4 Bd7
21. gxf5 exf5 22. Bh3 Kh8 23. Bxf5 Rg8+ 24. Kf1 Bxf5 25. Nxf5 Rg5 26. Ng3 f5
27. e3 Rd8 28. Rd5 Rdg8 29. Rcd1 R8g6 30. R1d4 1-0

[Event "Quebec op"]
[Site "Montreal CAN"]
[Date "1994.07.28"]
[Round "6"]
[White "Levkovsky, Alexandre"]
[Black "Schleifer, Michael"]
[Result "0-1"]
[WhiteElo "2185"]
[BlackElo "2291"]
[PlyCount "94"]
[EventDate "1994.07.23"]
[EventType "swiss"]
[EventRounds "8"]
[EventCountry "CAN"]

1. e4 c5 2. Nc3 Nc6 3. Nge2 d6 4. d4 cxd4 5. Nxd4 Nf6 6. Bc4 e6 7. O-O Be7 8.
Be3 O-O 9. a3 Bd7 10. f3 a6 11. Qd2 Rc8 12. Ba2 Ne5 13. Rfd1 Nc4 14. Bxc4 Rxc4
15. Nb3 Qc7 16. Qf2 b5 17. Rd2 Rb8 18. Bf4 e5 19. Be3 h6 20. g4 a5 21. h4 b4
22. axb4 axb4 23. Nd5 Nxd5 24. exd5 Qd8 25. Ra6 Bxh4 26. Qh2 Be7 27. Na5 Qc8
28. Ra7 Rc7 29. Rxc7 Qxc7 30. Nb3 Qd8 31. Qh5 Be8 32. Qf5 Bd7 33. Qe4 Qc8 34.
Rh2 f5 35. Qd3 fxg4 36. fxg4 Bxg4 37. Bxh6 Qf5 38. Bxg7 Kxg7 39. Rg2 Kh6 40.
Qg3 Rg8 41. Rh2+ Kg6 42. Qe3 Qg5 43. Qa7 Bf3+ 44. Kf2 Rf8 45. Ke1 Qg3+ 46. Rf2
Qg1+ 47. Kd2 Qd1+ 0-1

[Event "Quebec op"]
[Site "Montreal CAN"]
[Date "1994.07.29"]
[Round "7"]
[White "Schleifer, Michael"]
[Black "Barbeau, Sylvain"]
[Result "1/2-1/2"]
[WhiteElo "2291"]
[BlackElo "2428"]
[PlyCount "60"]
[EventDate "1994.07.23"]
[EventType "swiss"]
[EventRounds "8"]
[EventCountry "CAN"]

1. d4 f5 2. c4 Nf6 3. Nf3 g6 4. g3 Bg7 5. Bg2 O-O 6. Nc3 d6 7. O-O Nc6 8. b3 h6
9. Bb2 g5 10. d5 Ne5 11. Nd4 f4 12. Qc2 Qe8 13. Nf5 Bxf5 14. Qxf5 Nfg4 15. Qe6+
Kh8 16. Ne4 fxg3 17. fxg3 Qh5 18. h3 Ne3 19. g4 Qh4 20. Rxf8+ Rxf8 21. Qxe7 Rf4
22. Qe8+ Kh7 23. Qe6 Nxg2 24. Kxg2 Nxg4 25. Qe7 Ne3+ 26. Kg1 Rg4+ 27. hxg4
Qxg4+ 28. Kf2 Qf4+ 29. Kg1 Qg4+ 30. Kf2 Qf4+ 1/2-1/2

[Event "Groupe Commerce"]
[Site "Thetford Mines CAN"]
[Date "1994.07.03"]
[Round "4"]
[White "Schleifer, Michael"]
[Black "O'Donnell, Tom"]
[Result "0-1"]
[WhiteElo "2286"]
[BlackElo "2333"]
[PlyCount "75"]
[EventDate "1994.07.01"]
[EventType "swiss"]
[EventRounds "5"]
[EventCountry "CAN"]

1. e4 c5 2. Nf3 Nc6 3. d4 cxd4 4. Nxd4 Nf6 5. Nc3 d6 6. Be2 g6 7. Be3 Bg7 8.
O-O O-O 9. Nb3 Be6 10. f4 Na5 11. Nxa5 Qxa5 12. Bf3 Rac8 13. Rf2 Bg4 14. Qd3
Bxf3 15. gxf3 Nh5 16. Nd5 Rfe8 17. c3 e6 18. Nb4 Bh6 19. Qd2 Qd8 20. Rg2 a5 21.
Nd3 d5 22. e5 Ng7 23. Qf2 Nf5 24. a4 Rc4 25. Bd2 d4 26. b3 dxc3 27. bxc4 cxd2
28. Nb2 Bxf4 29. Kh1 Ne3 30. Rgg1 Nc2 31. Rad1 Be3 32. Qe2 Qd4 33. Rgf1 Qxb2
34. Qd3 Bf4 35. Rb1 Ne1 36. Qd7 Qxb1 37. Qxe8+ Kg7 38. Qd8 0-1

[Event "Quebec-ch"]
[Site "Montreal CAN"]
[Date "1994.05.30"]
[Round "1"]
[White "Beregovoy, Alexander"]
[Black "Schleifer, Michael"]
[Result "1/2-1/2"]
[WhiteElo "2305"]
[BlackElo "2325"]
[PlyCount "112"]
[EventDate "1994.05.30"]
[EventType "tourn"]
[EventRounds "9"]
[EventCountry "CAN"]

1. d4 Nf6 2. Nf3 e6 3. e3 d5 4. Bd3 c5 5. b3 Bd6 6. Bb2 O-O 7. O-O Nc6 8. a3 a5
9. Nbd2 a4 10. dxc5 Bxc5 11. b4 Bd6 12. c4 Bd7 13. e4 Nxe4 14. Bxe4 dxe4 15.
Nxe4 Be7 16. b5 Na5 17. Ne5 Bc8 18. Qxa4 f6 19. Nf3 e5 20. Qc2 Bf5 21. Qe2 Qc7
22. Nfd2 Rfd8 23. Rfd1 b6 24. Bc3 Be6 25. Bxa5 Rxa5 26. a4 Bb4 27. c5 Bxc5 28.
Nxc5 bxc5 29. Ne4 Rd4 30. Rxd4 cxd4 31. Qb2 Bd5 32. Rc1 Qd7 33. Qb4 Ra8 34. Qd6
Qxd6 35. Nxd6 d3 36. Kf1 Bb3 37. Ke1 Bc2 38. Ra1 Rd8 39. Ne4 Rd4 40. Nd2 Bxa4
41. Rb1 Kf7 42. f3 Ke7 43. b6 Rd8 44. Ra1 Bc6 45. Ra7+ Rd7 46. Nc4 Bd5 47. Kd2
e4 48. fxe4 Bxe4 49. g3 Kd8 50. Ke3 Bg2 51. Rxd7+ Kxd7 52. Kxd3 Kc6 53. Kd4 Bh3
54. b7 Kxb7 55. Nd6+ Kc6 56. Ne8 Kd7 1/2-1/2

[Event "Quebec-ch"]
[Site "Montreal CAN"]
[Date "1994.05.31"]
[Round "2"]
[White "Schleifer, Michael"]
[Black "Grondin, Jean-Philippe"]
[Result "1/2-1/2"]
[WhiteElo "2325"]
[BlackElo "2120"]
[PlyCount "83"]
[EventDate "1994.05.30"]
[EventType "tourn"]
[EventRounds "9"]
[EventCountry "CAN"]

1. d4 Nf6 2. c4 e6 3. Nf3 d5 4. g3 dxc4 5. Qa4+ Nbd7 6. Bg2 Be7 7. O-O O-O 8.
Qxc4 a6 9. Bf4 Nd5 10. Nc3 Nxf4 11. gxf4 Bd6 12. e3 b5 13. Qd3 Rb8 14. Ne4 Be7
15. Rac1 Bb7 16. Ne5 f5 17. Nc5 Nxc5 18. dxc5 Qxd3 19. Nxd3 Bxg2 20. Kxg2 Bf6
21. Nb4 Ra8 22. b3 a5 23. Nd3 Rfd8 24. Rfd1 Rd5 25. Kf3 Rad8 26. Ke2 c6 27. f3
Kf7 28. a4 b4 29. Nf2 Rxd1 30. Nxd1 Rd5 31. Nf2 Bc3 32. Nd3 Bf6 33. Rg1 g6 34.
Rg3 Kg7 35. Rh3 Rd8 36. Rg3 Rd5 37. Rg1 Rd8 38. e4 Rd4 39. Ke3 Rd7 40. Rd1 Bd4+
41. Ke2 Bc3 42. Rc1 1/2-1/2

[Event "Quebec-ch"]
[Site "Montreal CAN"]
[Date "1994.06.01"]
[Round "3"]
[White "Moisan-Plante, Marc-Olivier"]
[Black "Schleifer, Michael"]
[Result "1/2-1/2"]
[WhiteElo "2035"]
[BlackElo "2325"]
[PlyCount "67"]
[EventDate "1994.05.30"]
[EventType "tourn"]
[EventRounds "9"]
[EventCountry "CAN"]

1. e4 g6 2. d4 Bg7 3. Nf3 d6 4. Be2 c6 5. Nc3 Bg4 6. O-O Nf6 7. a4 O-O 8. a5
Nbd7 9. Be3 Qc7 10. Ng5 Bxe2 11. Qxe2 h6 12. Nf3 e5 13. dxe5 dxe5 14. Qc4 Ng4
15. Bc1 Rfd8 16. a6 bxa6 17. Nd5 Qd6 18. Qxc6 Qxc6 19. Ne7+ Kh7 20. Nxc6 Rdc8
21. Rxa6 Nb6 22. Nb4 Rc4 23. c3 Rxe4 24. b3 Re2 25. h3 e4 26. hxg4 exf3 27. Be3
Bxc3 28. Na2 Nd5 29. Nxc3 Nxc3 30. gxf3 Rb2 31. Rfa1 Rxb3 32. Rxa7 Rxa7 33.
Rxa7 Nd5 34. Rxf7+ 1/2-1/2

[Event "Quebec-ch"]
[Site "Montreal CAN"]
[Date "1994.06.02"]
[Round "4"]
[White "Schleifer, Michael"]
[Black "Levtchouk, George"]
[Result "1-0"]
[WhiteElo "2325"]
[BlackElo "2300"]
[PlyCount "79"]
[EventDate "1994.05.30"]
[EventType "tourn"]
[EventRounds "9"]
[EventCountry "CAN"]

1. c4 g6 2. Nc3 Bg7 3. g3 d6 4. Bg2 Nf6 5. e3 O-O 6. Nge2 e5 7. d4 c6 8. O-O a5
9. b3 Na6 10. Bb2 Rb8 11. Qd2 h5 12. Rad1 Qe7 13. Nb1 h4 14. dxe5 dxe5 15. Qxa5
hxg3 16. Nxg3 Ng4 17. Nd2 f5 18. h3 Nh6 19. Nf3 Nf7 20. Ba3 c5 21. Qb6 Be6 22.
h4 Rfe8 23. Rd2 Nb4 24. Bxb4 cxb4 25. c5 Rec8 26. Rc1 Bf8 27. Rdc2 Kh7 28. Bh3
Bd7 29. h5 Rc6 30. Qxb4 Ng5 31. hxg6+ Rxg6 32. Qh4+ Bh6 33. Nxg5+ Rxg5 34. Rd1
Rbg8 35. Kh2 Be6 36. Rd6 R8g6 37. f4 Kg8 38. fxg5 Bxg5 39. Qh5 Rh6 40. Rxe6 1-0

[Event "Quebec-ch"]
[Site "Montreal CAN"]
[Date "1994.06.03"]
[Round "5"]
[White "Leveille, Francois"]
[Black "Schleifer, Michael"]
[Result "1-0"]
[WhiteElo "2330"]
[BlackElo "2325"]
[PlyCount "183"]
[EventDate "1994.05.30"]
[EventType "tourn"]
[EventRounds "9"]
[EventCountry "CAN"]

1. Nf3 g6 2. d4 Bg7 3. c4 d6 4. g3 Nf6 5. Bg2 O-O 6. O-O Nc6 7. Nc3 e5 8. d5
Ne7 9. c5 h6 10. e4 Nh7 11. Be3 f5 12. Rc1 g5 13. cxd6 cxd6 14. Nb5 f4 15. Nc7
Bd7 16. Nxa8 Qxa8 17. Bd2 g4 18. Nh4 f3 19. Nxf3 gxf3 20. Bxf3 Qd8 21. Bg4 Nf6
22. Bxd7 Qxd7 23. f3 h5 24. Be3 h4 25. Kg2 Ng6 26. Qc2 Nh5 27. Rf2 Qe7 28. Qc7
Qf6 29. Qd7 hxg3 30. hxg3 Ne7 31. Qg4 Qf7 32. Rc7 Nxd5 33. Rxf7 Nxe3+ 34. Kh3
Nxg4 35. Rxf8+ Bxf8 36. Kxg4 Nf6+ 37. Kf5 Kf7 38. Rc2 Ne8 39. Rc8 d5 40. Kxe5
dxe4 41. fxe4 Bg7+ 42. Kf4 Bxb2 43. e5 Ng7 44. Rc7+ Ke6 45. Rxb7 Bxe5+ 46. Kg5
Ne8 47. g4 Bd4 48. Kg6 Nd6 49. Rb4 Kd5 50. g5 Be3 51. Rb3 Kd4 52. Kh5 Ne4 53.
g6 Nf6+ 54. Kh4 Bh6 55. Rg3 Ke5 56. g7 Ng8 57. Rg6 Kf5 58. Kh5 Be3 59. a4 Bd4
60. a5 Bc3 61. a6 Bd4 62. Rg5+ Kf6 63. Rd5 Be3 64. Rd7 Bc5 65. Rb7 Be3 66. Kg4
Kg6 67. Kf3 Bg1 68. Ke4 Kf6 69. Kd5 Be3 70. Rb3 Ne7+ 71. Ke4 Bc5 72. Rc3 Bd6
73. Rc6 Ke6 74. Rb6 Ng8 75. Rb7 Bc5 76. Rc7 Bg1 77. Rc1 Bh2 78. Rf1 Be5 79. Rf8
Ne7 80. g8=Q+ Nxg8 81. Rxg8 Bh2 82. Rg6+ Kf7 83. Kf5 Be5 84. Rb6 Bd4 85. Rb7+
Kg8 86. Rd7 Bf2 87. Kf6 Bb6 88. Rf7 Bc5 89. Kg6 Bg1 90. Rf1 Bh2 91. Rf2 Bg1 92.
Rg2 1-0

[Event "Quebec-ch"]
[Site "Montreal CAN"]
[Date "1994.06.06"]
[Round "6"]
[White "Schleifer, Michael"]
[Black "O'Donnell, Tom"]
[Result "1/2-1/2"]
[WhiteElo "2325"]
[BlackElo "2385"]
[PlyCount "110"]
[EventDate "1994.05.30"]
[EventType "tourn"]
[EventRounds "9"]
[EventCountry "CAN"]

1. d4 g6 2. Bf4 Bg7 3. e3 d6 4. Nf3 Nd7 5. Be2 Ngf6 6. h3 O-O 7. O-O c5 8. Nbd2
b6 9. c3 Bb7 10. Bh2 Kh8 11. a4 a6 12. c4 Qc7 13. d5 b5 14. e4 b4 15. Qc2 Ng8
16. Ne1 e5 17. dxe6 fxe6 18. Nef3 e5 19. Ng5 Rac8 20. Bg4 Rf6 21. h4 Nb8 22. f4
exf4 23. Rxf4 Nh6 24. Bh3 Nc6 25. Raf1 Rxf4 26. Bxf4 Nd4 27. Qd3 Bc6 28. b3 Bd7
29. Kh1 Rf8 30. h5 Nf7 31. Nxh7 Ne5 32. Bxe5 Rxf1+ 33. Qxf1 Bxh3 34. Qf8+ Kxh7
35. hxg6+ Kxg6 36. Bxg7 Bxg2+ 37. Kxg2 Qxg7 38. Qxd6+ Kh5+ 39. Qg3 Qg4 40.
Qxg4+ Kxg4 41. Kf2 Kf4 42. Ke1 Ke3 43. Kd1 Nc6 44. Kc2 Na5 45. Nf1+ Kxe4 46.
Ng3+ Kf4 47. Nh5+ Ke3 48. Nf6 Kd4 49. Ne8 Nxc4 50. bxc4 Kxc4 51. a5 Kb5 52.
Nd6+ Ka4 53. Nc4 b3+ 54. Kc3 b2 55. Nxb2+ Kxa5 1/2-1/2

[Event "Quebec-ch"]
[Site "Montreal CAN"]
[Date "1994.06.07"]
[Round "7"]
[White "Koliada, Timour"]
[Black "Schleifer, Michael"]
[Result "1-0"]
[WhiteElo "2355"]
[BlackElo "2325"]
[PlyCount "73"]
[EventDate "1994.05.30"]
[EventType "tourn"]
[EventRounds "9"]
[EventCountry "CAN"]

1. d4 Nf6 2. c4 g6 3. Nc3 Bg7 4. e4 d6 5. f3 O-O 6. Be3 e5 7. Nge2 c6 8. Qd2
Re8 9. d5 c5 10. g4 a6 11. Ng3 b5 12. cxb5 axb5 13. Bxb5 Nfd7 14. h4 Ba6 15. h5
Bxb5 16. Nxb5 Nf8 17. Bh6 Bf6 18. Nf5 Ra6 19. Bxf8 gxf5 20. Bh6 fxe4 21. fxe4
Ra4 22. O-O-O Rxa2 23. g5 Be7 24. g6 Ra1+ 25. Kc2 Rxd1 26. gxf7+ Kxf7 27. Qf2+
Bf6 28. Qf5 Kg8 29. Rxd1 Qe7 30. Rf1 Nd7 31. Nc7 Rb8 32. Ne6 Kh8 33. Ra1 Nb6
34. Ra7 Nd7 35. Rxd7 Qxd7 36. Qxf6+ Kg8 37. Qg5+ 1-0

[Event "Quebec-ch"]
[Site "Montreal CAN"]
[Date "1994.06.08"]
[Round "8"]
[White "Barbeau, Sylvain"]
[Black "Schleifer, Michael"]
[Result "1-0"]
[WhiteElo "2380"]
[BlackElo "2325"]
[PlyCount "59"]
[EventDate "1994.05.30"]
[EventType "tourn"]
[EventRounds "9"]
[EventCountry "CAN"]

1. e4 c5 2. Nc3 Nc6 3. g3 g6 4. Bg2 Bg7 5. d3 e6 6. f4 d6 7. Nf3 Nge7 8. O-O
O-O 9. Be3 Nd4 10. e5 Nef5 11. Bf2 Nxf3+ 12. Qxf3 Nd4 13. Qd1 dxe5 14. fxe5
Bxe5 15. Ne4 h5 16. c3 Nf5 17. Nxc5 Rb8 18. d4 Bg7 19. Nd3 Bd7 20. Nf4 Qc7 21.
Qb3 h4 22. d5 hxg3 23. hxg3 e5 24. Nxg6 e4 25. Nxf8 Bxf8 26. Bxe4 Nxg3 27. Rfe1
Qf4 28. Qc2 Bh3 29. Qd3 Bc5 30. Bxc5 1-0

[Event "Grand Prix"]
[Site "Montreal CAN"]
[Date "1994.05.22"]
[Round "5"]
[White "Schleifer, Michael"]
[Black "Prahov, Valentin"]
[Result "1-0"]
[WhiteElo "2328"]
[BlackElo "2231"]
[PlyCount "77"]
[EventDate "1994.05.20"]
[EventType "swiss"]
[EventRounds "5"]
[EventCountry "CAN"]

1. d4 Nf6 2. c4 g6 3. Nc3 d5 4. cxd5 Nxd5 5. e4 Nxc3 6. bxc3 c5 7. Bc4 Bg7 8.
Ne2 O-O 9. O-O cxd4 10. cxd4 Nc6 11. Be3 Bg4 12. f3 Na5 13. Bd3 Be6 14. d5 Bxa1
15. Qxa1 f6 16. f4 Bf7 17. f5 Rc8 18. Bh6 Re8 19. e5 Qxd5 20. exf6 e5 21. fxe6
Qxd3 22. exf7+ Kxf7 23. Nf4 Qe3+ 24. Kh1 Qe5 25. Nh3 Rc5 26. Ng5+ Qxg5 27. Bxg5
Rxg5 28. Qc1 Rf5 29. Qc7+ Kxf6 30. Rxf5+ gxf5 31. Qxa5 b6 32. Qc3+ Kf7 33. h3
Re7 34. Qc8 Kf6 35. Kh2 Rg7 36. Qc3+ Kf7 37. Qe5 Kg6 38. Qe6+ Kg5 39. g3 1-0

[Event "Mauricie op"]
[Site "Trois-Rivieres CAN"]
[Date "1994.03.20"]
[Round "4"]
[White "Schleifer, Michael"]
[Black "Berube, Richard"]
[Result "1/2-1/2"]
[WhiteElo "2316"]
[BlackElo "2244"]
[PlyCount "178"]
[EventDate "1994.03.17"]
[EventType "swiss"]
[EventRounds "5"]
[EventCountry "CAN"]

1. d4 Nf6 2. c4 g6 3. Nc3 Bg7 4. e4 O-O 5. Be3 d6 6. f3 e5 7. Nge2 c6 8. d5
cxd5 9. cxd5 Ne8 10. Qd2 f5 11. O-O-O f4 12. Bf2 Nd7 13. Kb1 a6 14. Nc1 b5 15.
Nd3 Bb7 16. Rc1 Rc8 17. Ne2 Rxc1+ 18. Nexc1 Qc7 19. Nb3 Nef6 20. Qa5 Qb8 21.
Nb4 Qa8 22. a4 bxa4 23. Qxa4 Rc8 24. Be2 Nc5 25. Nxc5 dxc5 26. Nxa6 Bf8 27. Bb5
Ne8 28. Nxc5 Nc7 29. Nxb7 Qxb7 30. Bc6 Qb4 31. Qxb4 Bxb4 32. Rc1 Na6 33. Bb7
Rxc1+ 34. Kxc1 Nc5 35. Bxc5 Bxc5 36. Kc2 Kf8 37. Kd3 Ke7 38. Kc4 Kd6 39. Kb5
Bg1 40. h3 Kc7 41. Bc6 Be3 42. Ka6 Bd2 43. b3 g5 44. Kb5 Be3 45. Ka5 Bd2+ 46.
Ka6 h6 47. Kb5 Be3 48. Be8 Bd2 49. Kc4 Be3 50. b4 Bd2 51. Bg6 Be3 52. b5 Bb6
53. Kd3 Kd6 54. Ke2 Bd4 55. Kd1 Kc5 56. Be8 Be3 57. Ke2 Bd4 58. b6 Kxb6 59. d6
Bc5 60. d7 Be7 61. Kd3 Kc5 62. Kc3 Bd8 63. Kb3 Kb5 64. h4 gxh4 65. Kc3 Kc5 66.
Kd3 Bb6 67. Kc3 Bd8 68. Kd3 Bb6 69. Ke2 Kd6 70. Kd2 Bd8 71. Kd3 Kc5 72. Ke2 Kd6
73. Kd2 Bb6 74. Kc3 Kc5 75. Bh5 Bd8 76. Bg4 Bb6 77. Kd3 Bd8 78. Ke2 Bb6 79. Kf1
Kd6 80. Bf5 Kc6 81. d8=Q Bxd8 82. Kg1 Kd6 83. Kh2 Ke7 84. Kh3 Kf7 85. Kg4 Be7
86. Bd7 Kf6 87. Kxh4 Kg6+ 88. Kh3 Kg5 89. Be8 Bc5 1/2-1/2

[Event "Carnaval"]
[Site "Quebec CAN"]
[Date "1994.02.06"]
[Round "5"]
[White "Berube, Richard"]
[Black "Schleifer, Michael"]
[Result "0-1"]
[WhiteElo "2247"]
[BlackElo "2306"]
[PlyCount "120"]
[EventDate "1994.02.04"]
[EventType "swiss"]
[EventRounds "5"]
[EventCountry "CAN"]

1. e4 c5 2. Nf3 d6 3. d4 Nf6 4. Nc3 cxd4 5. Nxd4 e6 6. Be2 Be7 7. O-O O-O 8.
Be3 e5 9. Nb3 Be6 10. f4 exf4 11. Bxf4 Nc6 12. Kh1 Rc8 13. Nd4 Ne5 14. Nxe6
fxe6 15. Bxe5 dxe5 16. Qxd8 Rfxd8 17. Bd3 a6 18. a4 Bc5 19. h3 Bd4 20. Ne2 Rc7
21. Rab1 Kf7 22. b3 Ke7 23. Rf3 Nd7 24. Rbf1 Rf8 25. Rxf8 Nxf8 26. Ng3 Nd7 27.
Rf3 g6 28. Ne2 Ba7 29. c3 Nc5 30. Nc1 Rd7 31. Kh2 Bb6 32. g3 Bd8 33. Kg2 Ke8
34. h4 g5 35. Bc4 g4 36. Re3 Bb6 37. a5 Ba7 38. Re2 Rd1 39. Na2 h5 40. b4 Nd3
41. Bxd3 Rxd3 42. c4 Bd4 43. Kh2 Kd7 44. Kg2 Rf3 45. b5 Ra3 46. bxa6 bxa6 47.
Nb4 Rxa5 48. Nd3 Ra3 49. Rd2 Kc7 50. Kf1 a5 51. Ke2 a4 52. Rc2 Rb3 53. Ra2 a3
54. Kd2 Kb6 55. Kc2 Rc3+ 56. Kd2 Ka5 57. c5 Ka4 58. Ra1 Rc4 59. Rc1 Rxc1 60.
Nxc1 Bxc5 0-1

[Event "Specialiste op"]
[Site "Montreal CAN"]
[Date "1994.01.22"]
[Round "1"]
[White "Schleifer, Michael"]
[Black "Charest, Johanne"]
[Result "1-0"]
[WhiteElo "2266"]
[BlackElo "1889"]
[PlyCount "59"]
[EventDate "1994.01.22"]
[EventType "swiss"]
[EventRounds "4"]
[EventCountry "CAN"]

1. d4 d5 2. c4 e6 3. Nc3 c5 4. cxd5 cxd4 5. Qxd4 Nc6 6. Qd1 exd5 7. e3 Nf6 8.
Nf3 Bc5 9. Be2 O-O 10. O-O Bf5 11. a3 Re8 12. b4 Bb6 13. Nb5 Qe7 14. Nbd4 Bd7
15. Bb2 Rad8 16. Rc1 a6 17. Nxc6 Bxc6 18. Nd4 Bd7 19. Bd3 Rc8 20. Qb3 Bc7 21.
g3 Bh3 22. Rfe1 Qd7 23. Qd1 h5 24. Nb3 Ng4 25. Nc5 Qe7 26. Qf3 g6 27. Qxd5 h4
28. Bxg6 hxg3 29. hxg3 Rcd8 30. Qh5 1-0

[Event "Pere Noel"]
[Site "Montreal CAN"]
[Date "1993.12.27"]
[Round "2"]
[White "Schleifer, Michael"]
[Black "Keesal, Sheldon"]
[Result "1/2-1/2"]
[WhiteElo "2298"]
[BlackElo "1984"]
[PlyCount "111"]
[EventDate "1993.12.26"]
[EventType "swiss"]
[EventRounds "5"]
[EventCountry "CAN"]

1. d4 Nf6 2. c4 e6 3. Nf3 d5 4. Nc3 Bb4 5. Bg5 h6 6. Bxf6 Qxf6 7. Rc1 c6 8. e3
O-O 9. Be2 Nd7 10. O-O dxc4 11. Bxc4 e5 12. Ne4 Qe7 13. Ng3 e4 14. Nd2 Nf6 15.
Qc2 Re8 16. a3 Bd6 17. Ba2 Bg4 18. h3 Bxg3 19. fxg3 Be2 20. Rf2 Bd3 21. Qc5 Qd7
22. Nc4 Bxc4 23. Bxc4 b6 24. Qf5 Qd6 25. g4 Qg3 26. Qf4 Qxf4 27. Rxf4 Rac8 28.
Rf5 Re7 29. Kh2 Ne8 30. Ba2 Nd6 31. Rf2 a5 32. h4 Kh7 33. Rfc2 Rec7 34. Kg3 Kg6
35. Kf4 Kf6 36. g5+ hxg5+ 37. hxg5+ Ke7 38. Bd5 Kd7 39. Bxe4 Nxe4 40. Kxe4 Rh8
41. Rf1 Kd6 42. Rcf2 Ke6 43. Rf5 Rh2 44. R1f2 Rh4+ 45. Kd3 Rg4 46. a4 Rg3 47.
Re5+ Kd6 48. Ke4 Rg4+ 49. Kf3 Rh4 50. Kg3 Rh1 51. Re8 Re7 52. Rxe7 Kxe7 53. Rc2
Kd6 54. Rf2 Ke6 55. Rc2 Kd6 56. Rf2 1/2-1/2

[Event "Pere Noel"]
[Site "Montreal CAN"]
[Date "1993.12.28"]
[Round "3"]
[White "Abreu Cordero, Jose"]
[Black "Schleifer, Michael"]
[Result "0-1"]
[WhiteElo "2037"]
[BlackElo "2298"]
[PlyCount "133"]
[EventDate "1993.12.26"]
[EventType "swiss"]
[EventRounds "5"]
[EventCountry "CAN"]

1. e4 c5 2. Nf3 d6 3. d4 Nf6 4. Nc3 cxd4 5. Nxd4 Nc6 6. Be2 e6 7. O-O Be7 8.
Kh1 O-O 9. f4 Bd7 10. Be3 a6 11. a4 Rc8 12. Nb3 a5 13. Qd2 Nb4 14. Bf3 Bc6 15.
Qf2 Nd7 16. Rad1 Qc7 17. Rd2 b6 18. Rfd1 Nc5 19. Nxc5 bxc5 20. Nb5 Qb7 21. Nxd6
Bxd6 22. Rxd6 Bxe4 23. Rd7 Qa8 24. Bxe4 Qxe4 25. c3 Nd5 26. Bxc5 Qxa4 27. R7xd5
exd5 28. Rf1 Rfe8 29. Bd4 Qc4 30. Rg1 Qd3 31. f5 f6 32. Qf4 Qe4 33. Qf2 Qg4 34.
h3 Qh5 35. Ra1 Ra8 36. Qf1 Qe2 37. Qc1 Rab8 38. c4 Qxc4 39. Qxc4 dxc4 40. Rxa5
h5 41. Rc5 Rbc8 42. Rb5 Re4 43. Bc3 Rd8 44. Kg1 Rd3 45. Kf2 Kh7 46. g3 h4 47.
gxh4 Rxh4 48. Rc5 Rdxh3 49. Rc7 Rf4+ 50. Kg2 Rxc3 51. bxc3 Rxf5 52. Rxc4 g5 53.
Kg3 Kg6 54. Rc8 Rf1 55. c4 Rg1+ 56. Kf2 Rc1 57. c5 Kf5 58. c6 Kf4 59. c7 Rc2+
60. Ke1 f5 61. Kd1 Rc5 62. Ke2 g4 63. Ke1 g3 64. Ke2 Rc3 65. Ke1 g2 66. Kf2
Rc2+ 67. Kg1 0-1

[Event "Pere Noel"]
[Site "Montreal CAN"]
[Date "1993.12.29"]
[Round "4"]
[White "Schleifer, Michael"]
[Black "Picard, Claude"]
[Result "0-1"]
[WhiteElo "2298"]
[BlackElo "1981"]
[PlyCount "130"]
[EventDate "1993.12.26"]
[EventType "swiss"]
[EventRounds "5"]
[EventCountry "CAN"]

1. e4 c5 2. Nf3 d6 3. d4 cxd4 4. Nxd4 Nf6 5. Nc3 a6 6. Bg5 e6 7. Bc4 Be7 8. O-O
O-O 9. Bb3 b5 10. f3 Bd7 11. Be3 Nc6 12. a4 b4 13. Na2 d5 14. exd5 Nxd5 15.
Bxd5 exd5 16. Nc1 Re8 17. Bf2 Bd6 18. Nce2 Qf6 19. Nxc6 Bxc6 20. Nd4 Bd7 21.
Qd3 h5 22. Qb3 Qg5 23. Kh1 h4 24. Rad1 Rac8 25. Qd3 Bc5 26. Qxa6 Bxd4 27. Bxd4
Rxc2 28. Rf2 Qf5 29. b3 Rxf2 30. Bxf2 Qc2 31. Rf1 Qxb3 32. Bxh4 Qc4 33. Qxc4
dxc4 34. a5 Bb5 35. Rb1 b3 36. h3 Re2 37. Bg3 Ra2 38. Be5 f6 39. Bc3 Rc2 40.
Bd4 Kf7 41. h4 Ke6 42. h5 Kf5 43. h6 gxh6 44. Kh2 h5 45. Rb2 Rc1 46. Kg3 Ba6
47. Kf2 h4 48. Ke3 Rh1 49. Kd2 h3 50. gxh3 Rxh3 51. Ke3 Bb7 52. Rf2 Rh1 53. Rd2
Rf1 54. Rf2 Rh1 55. Kd2 Bd5 56. Kc3 Rc1+ 57. Kd2 Rc2+ 58. Kd1 Rxf2 59. Bxf2 Kf4
60. Bd4 f5 61. Kd2 Kxf3 62. Bc3 f4 63. Be5 Ke4 64. Bb2 f3 65. Bc3 f2 0-1